[Event "St Petersburg op2"]
[Site "St Petersburg"]
[Date "1994.??.??"]
[Round "4"]
[White "Galkin, Alexander"]
[Black "Agrest, Evgenij"]
[Result "1/2-1/2"]
[WhiteElo "2375"]
[BlackElo "2475"]
[PlyCount "96"]
[EventDate "1994.10.??"]
[Source "ChessBase"]

1. e4 c5 2. Nf3 d6 3. d4 cxd4 4. Nxd4 Nf6 5. Nc3 a6 6. Be2 Nbd7 7. O-O e6 8. a4 b6 9. f4 Bb7 10. Bf3 Rc8 11. e5 Bxf3 12. Nxf3 dxe5 13. fxe5 Ng4 14. Qe2 Qc7 15. Qxa6 Bc5+ 16. Kh1 Nf2+ 17. Rxf2 Bxf2 18. Nb5 Qxc2 19. Nd6+ Ke7 20. Nxc8+ Rxc8 21. Bd2 Rc4 22. Bc3 Qd3 23. Qb5 Bc5 24. Re1 Qd5 25. a5 bxa5 26. Qxa5 Rf4 27. Rf1 h6 28. Qa1 g5 29. Qc1 Qc4 30. h3 Nb6 31. Bd2 Qxc1 32. Rxc1 Rc4 33. b3 Rxc1+ 34. Bxc1 Kd7 35. h4 g4 36. Ne1 h5 37. Nd3 Bf8 38. Kg1 Kc6 39. Kh2 Kd5 40. Nf4+ Kxe5 41. Nxh5 Nd5 42. Bb2+ Ke4 43. Nf6+ Nxf6 44. Bxf6 e5 45. g3 Kd5 46. Bg5 f5 47. h5 Ke6 48. h6 Kd5 1/2-1/2

[Event "MK Cafe Cup-A"]
[Site "Koszalin"]
[Date "1998.08.03"]
[Round "1"]
[White "Bobras, Piotr"]
[Black "Maksimenko, Andrei"]
[Result "1/2-1/2"]
[WhiteElo "2345"]
[BlackElo "2500"]
[PlyCount "92"]
[EventDate "1998.08.03"]
[Source "ChessBase"]
[SourceDate "1998.09.09"]

1. e4 c5 2. Nf3 d6 3. d4 cxd4 4. Nxd4 Nf6 5. Nc3 a6 6. Be2 e6 7. O-O Nbd7 8. f4 b5 9. Bf3 Bb7 10. e5 Bxf3 11. Nxf3 Ng4 12. Qe2 b4 13. Ne4 d5 14. Neg5 h6 15. Nd4 hxg5 16. Qxg4 Bc5 17. Be3 Rh4 18. Qg3 gxf4 19. Rxf4 Rxf4 20. Qxf4 Qc7 21. Nf3 Bxe3+ 22. Qxe3 Rc8 23. Rf1 Qxc2 24. Ng5 Qc5 25. Qxc5 Rxc5 26. Rxf7 Nxe5 27. Rxg7 d4 28. Rg8+ Ke7 29. Rg7+ Ke8 30. Rg8+ Kd7 31. Rd8+ Ke7 32. Rxd4 Nc6 33. Rg4 Rc1+ 34. Kf2 Rc2+ 35. Kg3 Rxb2 36. h4 Rxa2 37. Ne4 b3 38. Rg7+ Kf8 39. Rb7 Nd4 40. h5 Nf5+ 41. Kf4 Ra4 42. Rb6 b2 43. Ke5 Ra5+ 44. Kf6 Rb5 45. Rxb5 axb5 46. Nd2 Ng3 1/2-1/2

[Event "Kiel"]
[Site "Kiel GER"]
[Date "1978.??.??"]
[Round "2"]
[White "Hamann, Gunther"]
[Black "Mortensen, Erling"]
[Result "0-1"]
[WhiteElo "2470"]
[BlackElo "2365"]
[PlyCount "106"]
[EventDate "1978.??.??"]
[Source "www.chesslib.no"]
[SourceDate "2004.05.04"]

1. e4 c5 2. Nf3 e6 3. d4 cxd4 4. Nxd4 Nf6 5. Nc3 d6 6. Be2 a6 7. O-O Nbd7 8. f4 b5 9. Bf3 Bb7 10. a3 Qc7 11. Kh1 Be7 12. Qe2 O-O 13. Be3 Nb6 14. Bf2 Nc4 15. Nd1 d5 16. e5 Ne4 17. Be1 Qb6 18. c3 Rae8 19. Nf2 f6 20. exf6 Bxf6 21. Nxe4 dxe4 22. Bxe4 Bxe4 23. Qxe4 Nxb2 24. Bf2 Nc4 25. Nf3 Qc7 26. Rac1 Nxa3 27. Bd4 Nc4 28. Rcd1 h6 29. Rfe1 Bxd4 30. Nxd4 Rxf4 31. Qg6 Qf7 32. Qxf7+ Kxf7 33. Ra1 e5 34. Nc6 Ra8 35. Nxe5+ Nxe5 36. Rxe5 Rc4 37. Rxb5 axb5 38. Rxa8 b4 39. Kg1 bxc3 40. Ra1 Ke6 41. Kf2 Rd4 42. Ra2 Rb4 43. Ra7 Rc4 44. Ra1 c2 45. Rc1 Kd5 46. Ke3 Rc3+ 47. Kd2 Kd4 48. Rxc2 Rxc2+ 49. Kxc2 Ke3 50. g3 g5 51. Kc3 g4 52. Kc4 Kf3 53. Kd4 Kg2 0-1

[Event "XIX Czech Chladek & Tintera A Open"]
[Site "Pardubice CEC"]
[Date "2008.07.22"]
[Round "5"]
[White "Kadziolka, B."]
[Black "Ibrayev, N."]
[Result "0-1"]
[WhiteElo "2313"]
[BlackElo "2518"]
[PlyCount "54"]
[EventDate "2008.07.18"]
[Source "www.chesslib.no"]
[SourceDate "2004.05.04"]

1. e4 c5 2. Nf3 d6 3. d4 cxd4 4. Nxd4 Nf6 5. Nc3 a6 6. Be2 e6 7. O-O Nbd7 8. f4 Qc7 9. a4 b6 10. Bf3 Bb7 11. Kh1 Rc8 12. g4 h6 13. Nb3 Qb8 14. Qe2 Qa8 15. Bd2 Be7 16. Rae1 g5 17. fxg5 hxg5 18. Bxg5 Nxg4 19. Bxg4 Bxg5 20. Bxe6 fxe6 21. Qg4 Be7 22. Nd4 Ne5 23. Qxe6 Rxc3 24. bxc3 Bxe4+ 25. Kg1 Bd5 26. Qf5 Rg8+ 27. Kf2 Rf8 0-1

[Event "Barcelona UGA"]
[Site "Barcelona ESP"]
[Date "1992.??.??"]
[Round "2"]
[White "Sanchez Almeyra, Jorge"]
[Black "Bofill Mas, Alejandro"]
[Result "0-1"]
[WhiteElo "2425"]
[BlackElo "2400"]
[PlyCount "56"]
[EventDate "1992.??.??"]
[Source "www.chesslib.no"]
[SourceDate "2004.05.04"]

1. e4 c5 2. Nf3 e6 3. d4 cxd4 4. Nxd4 Nf6 5. Nc3 d6 6. Be2 a6 7. O-O Nbd7 8. f4 b5 9. Bf3 Bb7 10. e5 Bxf3 11. Nxf3 Ng4 12. Qe2 b4 13. Ne4 d5 14. Neg5 h6 15. Nxf7 Kxf7 16. f5 Qb6+ 17. Kh1 Kg8 18. Bf4 Bc5 19. fxe6 Qxe6 20. Rae1 Rf8 21. Bd2 Kh7 22. c3 bxc3 23. Bxc3 g6 24. Rc1 Rf4 25. Nd4 Qxe5 26. Qxg4 Rxg4 27. Rf7+ Kg8 28. Rxd7 Rxd4 0-1

[Event "URS Army Team Ch"]
[Site "Leningrad RUS"]
[Date "1989.??.??"]
[Round "?"]
[White "Klovans, Janis"]
[Black "Ivanov, Sergey"]
[Result "0-1"]
[WhiteElo "2355"]
[BlackElo "2465"]
[PlyCount "70"]
[EventDate "1989.??.??"]
[Source "www.chesslib.no"]
[SourceDate "2004.05.04"]

1. e4 c5 2. Nf3 d6 3. d4 cxd4 4. Nxd4 Nf6 5. Nc3 a6 6. Be2 e6 7. O-O Nbd7 8. a4 b6 9. f4 Qc7 10. Bf3 Bb7 11. g4 h6 12. Qe2 e5 13. Nd5 Qb8 14. Nb3 Nxd5 15. exd5 Be7 16. Bd2 Qc7 17. c4 O-O 18. g5 hxg5 19. fxg5 f5 20. gxf6 Nxf6 21. Be3 b5 22. cxb5 axb5 23. Rac1 Qd7 24. axb5 e4 25. Bg2 Bxd5 26. Nd4 Bd8 27. Nc6 Be6 28. Bd4 Ra4 29. Kh1 Bf7 30. Qe3 Re8 31. b3 Ra2 32. Bh3 Be6 33. Bxe6+ Qxe6 34. Qg3 Ng4 35. h3 Ne5 0-1

[Event "Czestochowa Open"]
[Site "Czestochowa"]
[Date "1992.??.??"]
[Round "4"]
[White "Kharlamov, Vladimir P"]
[Black "Agrest, Evgenij"]
[Result "1/2-1/2"]
[WhiteElo "2345"]
[BlackElo "2470"]
[PlyCount "66"]
[EventDate "1992.??.??"]
[Source "www.chesslib.no"]
[SourceDate "2004.05.04"]

1. e4 c5 2. Nf3 d6 3. d4 cxd4 4. Nxd4 Nf6 5. Nc3 a6 6. Be2 e6 7. O-O Nbd7 8. f4 b5 9. Bf3 Bb7 10. Re1 Rc8 11. a4 b4 12. Nd5 Nc5 13. a5 exd5 14. exd5+ Kd7 15. Nc6 Bxc6 16. dxc6+ Kc7 17. c3 b3 18. c4 Be7 19. Be3 Rb8 20. Qd2 Re8 21. Rad1 Bf8 22. g4 h6 23. g5 hxg5 24. fxg5 Nfe4 25. Qd5 f5 26. Qxf5 Qc8 27. Qf4 Re5 28. Bxc5 Rxg5+ 29. Kh1 Ng3+ 30. Kg2 Ne4+ 31. Kh1 Ng3+ 32. Kg2 Ne4+ 33. Kh1 Ng3+ 1/2-1/2

[Event "FRA Team Ch"]
[Site "France"]
[Date "1989.??.??"]
[Round "?"]
[White "Apicella, Manuel"]
[Black "Herb, Pascal"]
[Result "1-0"]
[WhiteElo "2400"]
[BlackElo "2405"]
[PlyCount "81"]
[EventDate "1989.??.??"]
[Source "www.chesslib.no"]
[SourceDate "2004.05.04"]

1. e4 c5 2. Nf3 d6 3. d4 cxd4 4. Nxd4 Nf6 5. Nc3 a6 6. Be2 e6 7. O-O Nbd7 8. f4 b5 9. a3 Bb7 10. Bf3 Rc8 11. Qe1 Rc4 12. Nb3 Qc7 13. Kh1 e5 14. Be3 Be7 15. Nd2 Rc6 16. Qg3 O-O 17. f5 Kh8 18. Rad1 Rxc3 19. bxc3 Qxc3 20. Qf2 Qxa3 21. Qe2 Qc3 22. Rc1 Rc8 23. Qd3 h6 24. Bf2 Qc7 25. Qb3 Kg8 26. c4 Nc5 27. Bxc5 Qxc5 28. Rb1 Bc6 29. Rfc1 Be8 30. Qb2 Qf2 31. cxb5 Rxc1+ 32. Qxc1 Bxb5 33. Qe1 Qa7 34. Nb3 Nd7 35. Qd2 Nc5 36. Nxc5 dxc5 37. Qd5 c4 38. h3 c3 39. Bd1 Qd4 40. Qa8+ Bd8 41. Bc2 1-0

[Event "Andres Clemente Vazquez mem"]
[Site "Guiines"]
[Date "1998.10.13"]
[Round "1"]
[White "Gonzalez, Yuri"]
[Black "Abreu, Aryam"]
[Result "1-0"]
[WhiteElo "2385"]
[BlackElo "2420"]
[PlyCount "53"]
[EventDate "1998.10.13"]
[Source "ChessBase"]
[SourceDate "1999.01.01"]

1. e4 c5 2. Nf3 d6 3. d4 cxd4 4. Nxd4 Nf6 5. Nc3 a6 6. Be2 e6 7. O-O Nbd7 8. f4 b5 9. Bf3 Bb7 10. a3 Rc8 11. Qe1 Rc4 12. Be3 Qa8 13. Nb3 Bxe4 14. Nxe4 Rxe4 15. Bxe4 Qxe4 16. Qc3 Qa8 17. a4 Nd5 18. Qd2 b4 19. Bd4 Be7 20. Bxg7 Rg8 21. Bd4 e5 22. fxe5 dxe5 23. Rae1 Bg5 24. Qf2 Nf4 25. Bxe5 Nxe5 26. Rxe5+ Be7 27. Qf3 1-0

[Event "WYCC 2003 - B18"]
[Site "Halkidiki"]
[Date "2003.10.27"]
[Round "5.2"]
[White "Aveskulov, Valeriy"]
[Black "Alcazar Jimenez, Victor"]
[Result "0-1"]
[WhiteElo "2428"]
[BlackElo "2363"]
[PlyCount "108"]
[EventDate "2003.10.23"]
[Source "Roberto Alvarez"]
[SourceDate "2003.11.03"]

1. e4 c5 2. Nf3 e6 3. d4 cxd4 4. Nxd4 Nf6 5. Nc3 d6 6. Be2 a6 7. O-O Nbd7 8. f4 b5 9. Bf3 Bb7 10. Re1 Be7 11. a3 O-O 12. f5 e5 13. Nde2 Rc8 14. Ng3 Nb6 15. Qd3 Qc7 16. Bg5 Nc4 17. Bxf6 Qc5+ 18. Kh1 Nxb2 19. Bxe7 Nxd3 20. cxd3 Qxc3 21. Bxf8 Kxf8 22. Red1 a5 23. Ne2 Qb3 24. d4 Qe3 25. dxe5 Bxe4 26. Ng1 Bxf3 27. Nxf3 dxe5 28. Re1 Qf4 29. Nxe5 f6 30. Nf3 Qxf5 31. Nd4 Qd5 32. Rad1 Re8 33. Rf1 b4 34. axb4 axb4 35. Nf5 Qa2 36. Rd7 Qe2 37. Kg1 g6 38. Nd4 Qe3+ 39. Kh1 Re7 40. Rd8+ Kg7 41. Nf3 Qb6 42. Rd2 Qb5 43. Rb1 Re4 44. h3 h5 45. Rc1 g5 46. Rc7+ Kg6 47. Rdd7 g4 48. hxg4 hxg4 49. Rg7+ Kf5 50. Nh4+ Kf4 51. Kh2 Ke3 52. Rgd7 g3+ 53. Kg1 Rxh4 54. Re7+ Kf4 0-1

[Event "AUS Masters"]
[Site "Melbourne AUS"]
[Date "1989.??.??"]
[Round "?"]
[White "Solomon, Stephen J"]
[Black "Johansen, Darryl K"]
[Result "1/2-1/2"]
[WhiteElo "2370"]
[BlackElo "2420"]
[PlyCount "85"]
[EventDate "1989.02.??"]
[Source "www.chesslib.no"]
[SourceDate "2004.05.04"]

1. e4 c5 2. Nf3 e6 3. d4 cxd4 4. Nxd4 Nf6 5. Nc3 d6 6. Be2 a6 7. O-O Nbd7 8. f4 b5 9. a3 Bb7 10. Bf3 Rc8 11. Qe2 Qc7 12. Kh1 Qc4 13. Qxc4 Rxc4 14. Nb3 Rc7 15. Be3 Nc5 16. Nxc5 dxc5 17. e5 Bxf3 18. Rxf3 Nd7 19. Ne4 Be7 20. a4 b4 21. a5 f5 22. Nd2 c4 23. b3 cxb3 24. cxb3 Nc5 25. Rc1 Kf7 26. Kg1 Rd8 27. Kf1 Rd5 28. Ke2 Rcd7 29. Rc2 Nb7 30. Nc4 Rc7 31. Bb6 Rc8 32. Rd3 Rxd3 33. Kxd3 Nc5+ 34. Bxc5 Rxc5 35. Rd2 g5 36. g3 Kg6 37. Ke3 Rc7 38. Rd6 gxf4+ 39. gxf4 Bxd6 40. exd6 Rc5 41. d7 Rd5 42. Nb6 Rd6 43. Nc4 1/2-1/2

[Event "3rd Savaria Summer Open"]
[Site "Szombathely"]
[Date "2003.07.22"]
[Round "4"]
[White "Berczes, Csaba"]
[Black "Bokros, Albert"]
[Result "1/2-1/2"]
[WhiteElo "2310"]
[BlackElo "2477"]
[PlyCount "127"]
[EventDate "2003.07.19"]
[Source "Roberto Alvarez"]
[SourceDate "2003.07.28"]

1. e4 c5 2. Nf3 e6 3. d4 cxd4 4. Nxd4 Nf6 5. Nc3 d6 6. Be2 a6 7. O-O Nbd7 8. f4 b5 9. Bf3 Bb7 10. e5 Bxf3 11. Nxf3 dxe5 12. fxe5 Ng4 13. Qe2 b4 14. Ne4 Ndxe5 15. Nxe5 Nxe5 16. Ng5 Qb6+ 17. Kh1 Qb5 18. Qxb5+ axb5 19. Bf4 h6 20. Nxe6 fxe6 21. Bxe5 Bc5 22. Bxg7 Rh7 23. Be5 Rha7 24. g4 Rxa2 25. Rxa2 Rxa2 26. Kg2 Be7 27. Kg3 Ra8 28. Bg7 Rc8 29. Rf2 Bd6+ 30. Kg2 Rc4 31. h3 Bc5 32. Re2 Bf8 33. b3 Rc6 34. Be5 Kf7 35. Kf3 Bg7 36. Ke4 Bxe5 37. Kxe5 Rc3 38. h4 Rc5+ 39. Kd4 Rd5+ 40. Ke4 Kg7 41. Rf2 Rc5 42. h5 Rg5 43. Rf4 Rc5 44. Kd3 Rd5+ 45. Ke3 Rc5 46. Rxb4 Rxc2 47. Rxb5 Kf6 48. Rb4 Ke5 49. Re4+ Kd5 50. Rd4+ Ke5 51. Re4+ Kd5 52. Rf4 Rc3+ 53. Kf2 Ke5 54. Rf3 Rc2+ 55. Kg3 Rc1 56. Rf8 Rg1+ 57. Kh3 Rh1+ 58. Kg2 Rb1 59. Rf3 Rc1 60. Kg3 Rg1+ 61. Kh3 Rh1+ 62. Kg3 Rg1+ 63. Kh3 Rh1+ 64. Kg3 1/2-1/2

[Event "WYCC 2003 - B18"]
[Site "Halkidiki"]
[Date "2003.10.31"]
[Round "9.11"]
[White "Shanava, Konstantine"]
[Black "Alcazar Jimenez, Victor"]
[Result "0-1"]
[WhiteElo "2423"]
[BlackElo "2363"]
[PlyCount "104"]
[EventDate "2003.10.23"]
[Source "Roberto Alvarez"]
[SourceDate "2003.11.03"]

1. e4 c5 2. Nf3 e6 3. d4 cxd4 4. Nxd4 Nf6 5. Nc3 d6 6. Be2 a6 7. O-O Nbd7 8. f4 b5 9. Bf3 Bb7 10. a3 Qc7 11. Kh1 Rc8 12. Qe1 h5 13. Be3 Be7 14. Rd1 Ba8 15. Bg1 Nb6 16. e5 dxe5 17. fxe5 Ng4 18. Bxa8 Rxa8 19. Ne4 O-O 20. Qg3 Nd5 21. Rde1 Rac8 22. c3 Qd8 23. Qh3 g6 24. Ng3 Bh4 25. Nf3 Bxg3 26. Qxg3 Nh6 27. Nd4 Ne7 28. Rf6 Nhf5 29. Qg5 Nxd4 30. Bxd4 Nf5 31. Re4 Kh7 32. Rf4 Qe8 33. g4 Nxd4 34. Rxd4 hxg4 35. Rxg4 Kg7 36. Rf3 Rh8 37. Qf6+ Kg8 38. Rgg3 Rc4 39. Rd3 Rc8 40. Rd6 Qf8 41. Rxe6 Qh6 42. h3 Qc1+ 43. Kh2 Qd2+ 44. Rg2 Qd3 45. Rg3 Qd2+ 46. Rg2 Qd7 47. Rd6 Qxh3+ 48. Kg1 Qe3+ 49. Rf2 Qe1+ 50. Kg2 Qh1+ 51. Kg3 Qh3+ 52. Kf4 Rh4+ 0-1

[Event "Erfurt"]
[Site "?"]
[Date "1992.??.??"]
[Round "9"]
[White "Womacka Mathias"]
[Black "Rahls Peter"]
[Result "1-0"]
[WhiteElo "2445"]
[BlackElo "2340"]
[PlyCount "69"]
[EventDate "1992.??.??"]
[Source "www.chesslib.no"]
[SourceDate "2004.05.04"]

1. e4 c5 2. Nf3 e6 3. d4 cxd4 4. Nxd4 Nf6 5. Nc3 d6 6. Be2 a6 7. O-O Nbd7 8. a4 b6 9. f4 Bb7 10. Bf3 Rc8 11. Qe1 Qc7 12. Kh1 Be7 13. e5 Bxf3 14. exf6 Bxf6 15. Nxf3 Bxc3 16. bxc3 Qxc3 17. Ba3 Qxe1 18. Rfxe1 Nc5 19. Bxc5 bxc5 20. Reb1 Kd7 21. Rb7+ Rc7 22. Rab1 f6 23. Kg1 h6 24. h4 Rg8 25. R1b6 Rxb7 26. Rxb7+ Kc6 27. Re7 e5 28. fxe5 dxe5 29. h5 Kd5 30. Nh4 Rb8 31. Rxg7 Rb4 32. Nf5 Rxa4 33. Nxh6 e4 34. Nf5 Ke5 35. h6 1-0

[Event "Open"]
[Site "?"]
[Date "2005.07.07"]
[Round "4"]
[White "Dubreuil Julien"]
[Black "Parligras Mircea"]
[Result "0-1"]
[WhiteElo "2210"]
[BlackElo "2571"]
[PlyCount "64"]
[EventDate "2005.??.??"]
[Source "www.chesslib.no"]
[SourceDate "2004.05.04"]

1. e4 c5 2. Nf3 d6 3. d4 cxd4 4. Nxd4 Nf6 5. Nc3 a6 6. Be2 e6 7. O-O Nbd7 8. f4 b5 9. Bf3 Bb7 10. Re1 Rc8 11. Kh1 Be7 12. e5 Bxf3 13. Nxf3 Ng4 14. Qe2 Qb6 15. Rf1 dxe5 16. Nxe5 Ngxe5 17. fxe5 O-O 18. Bf4 Rc4 19. a4 Qc6 20. axb5 axb5 21. Ra7 Bc5 22. Raa1 Bd4 23. Rad1 Bxc3 24. bxc3 Rxc3 25. Rf2 Nb6 26. Bg5 Nd5 27. Rdf1 Qc4 28. Qh5 Rxc2 29. Rf3 Qe2 30. Qg4 Qxe5 31. Rg3 f5 32. Qd1 Qe2 0-1

[Event "HUN-chT2 9697"]
[Site "?"]
[Date "1996.??.??"]
[Round "4"]
[White "Parkanyi Attila"]
[Black "Dudas Janos"]
[Result "1-0"]
[WhiteElo "2380"]
[BlackElo "2400"]
[PlyCount "57"]
[EventDate "1996.??.??"]
[Source "www.chesslib.no"]
[SourceDate "2004.05.04"]

1. e4 c5 2. Nf3 e6 3. d4 cxd4 4. Nxd4 Nf6 5. Nc3 d6 6. Be2 a6 7. O-O Nbd7 8. f4 b5 9. a3 Bb7 10. Bf3 Rc8 11. Kh1 Rxc3 12. bxc3 Nxe4 13. Qe1 Qa8 14. a4 bxa4 15. Rxa4 Ndc5 16. Ra1 Be7 17. Ba3 Nd7 18. Nb3 Bf6 19. Bb4 Ndc5 20. Na5 d5 21. Rb1 Bd8 22. Nxb7 Nxb7 23. Bxe4 dxe4 24. Qxe4 Qc8 25. f5 Bf6 26. Rfd1 e5 27. Ba3 Nd8 28. Qa4+ Nc6 29. Rb8 1-0

[Event "IBM-B"]
[Site "Amsterdam"]
[Date "1974.??.??"]
[Round "5"]
[White "Ligterink, Gert"]
[Black "Ghizdavu, Dumitru"]
[Result "1-0"]
[WhiteElo "2360"]
[BlackElo "2420"]
[PlyCount "101"]
[EventDate "1974.??.??"]
[Source "ChessBase"]

1. e4 c5 2. Nf3 d6 3. d4 cxd4 4. Nxd4 Nf6 5. Nc3 a6 6. Be2 e6 7. O-O Nbd7 8. f4 b5 9. Bf3 Bb7 10. e5 Bxf3 11. Nxf3 Ng4 12. Qe2 b4 13. Ne4 d5 14. Neg5 Bc5+ 15. Kh1 Qb6 16. Nxf7 O-O 17. N3g5 Qb5 18. Qxb5 axb5 19. Nd6 Nf2+ 20. Rxf2 Bxf2 21. Nxe6 Rfb8 22. Bd2 Nc5 23. Nc7 Ra7 24. Nxd5 b3 25. cxb3 Nxb3 26. Rd1 Nxd2 27. Rxd2 Rxa2 28. g3 Bc5 29. Ne4 Bf8 30. e6 Ra7 31. f5 Be7 32. g4 h6 33. Kg2 Kf8 34. Kg3 Rc8 35. h4 Rc4 36. Nxe7 Kxe7 37. Kf3 Rac7 38. b3 Rc2 39. Rd5 Rb7 40. Kf4 Rh2 41. Nd6 Rb8 42. Nf7 Rb7 43. Ne5 Rf2+ 44. Ke3 Rc2 45. g5 hxg5 46. hxg5 b4 47. Ng6+ Ke8 48. f6 gxf6 49. gxf6 Rg2 50. f7+ Rxf7 51. Rd8+ 1-0

[Event "Wuerzburg Open"]
[Site "Wuerzburg"]
[Date "1992.??.??"]
[Round "?"]
[White "Mainka, Romuald"]
[Black "Rahls, Peter"]
[Result "1-0"]
[WhiteElo "2455"]
[BlackElo "2325"]
[PlyCount "57"]
[EventDate "1992.??.??"]
[Source "www.chesslib.no"]
[SourceDate "2004.05.04"]

1. e4 c5 2. Nf3 e6 3. d4 cxd4 4. Nxd4 Nf6 5. Nc3 d6 6. Be2 a6 7. O-O Nbd7 8. a4 b6 9. f4 Bb7 10. Bf3 Rc8 11. Qe2 Qc7 12. Kh1 Qc4 13. Qf2 e5 14. Nf5 Nxe4 15. Bxe4 Bxe4 16. Nxe4 Qxe4 17. fxe5 Rxc2 18. Bd2 dxe5 19. Nxg7+ Bxg7 20. Qxf7+ Kd8 21. Qxg7 Re8 22. Rac1 Nc5 23. Qf6+ Kd7 24. Rxc2 Qxc2 25. Qf7+ Re7 26. Qd5+ Kc7 27. Rc1 Qxb2 28. Rxc5+ bxc5 29. Ba5+ 1-0

[Event "Ostrava Cup"]
[Site "Ostrava"]
[Date "1998.??.??"]
[Round "1"]
[White "Talla, Vladimir"]
[Black "Stocek, Jiri"]
[Result "1/2-1/2"]
[WhiteElo "2305"]
[BlackElo "2470"]
[PlyCount "136"]
[EventDate "1998.07.??"]
[Source "www.chesslib.no"]
[SourceDate "2004.05.04"]

1. e4 c5 2. Nf3 d6 3. d4 cxd4 4. Nxd4 Nf6 5. Nc3 e6 6. Be2 a6 7. O-O Nbd7 8. f4 b5 9. Bf3 Bb7 10. a3 Rc8 11. Qe2 Rc4 12. Nb3 Qc7 13. Bd2 Be7 14. Rae1 e5 15. g4 Nc5 16. Qg2 exf4 17. Bxf4 Ne6 18. Bc1 O-O 19. g5 Nd7 20. Nd5 Bxd5 21. exd5 Rxc2 22. Qg3 Ndc5 23. Na1 Rxc1 24. Rxc1 Qa7 25. Qf2 Nf4 26. Qd4 Bxg5 27. b4 Bf6 28. Qe3 Nh3+ 29. Kg2 Bg5 30. Qd4 Bxc1 31. Rxc1 Nf4+ 32. Kh1 Nfd3 33. Rf1 Qe7 34. bxc5 Nxc5 35. Nc2 g6 36. Qe3 Qxe3 37. Nxe3 Re8 38. Nc2 a5 39. Re1 Rxe1+ 40. Nxe1 b4 41. axb4 axb4 42. Nc2 b3 43. Na3 b2 44. Kg1 Na4 45. Be4 Nc3 46. Bd3 Kg7 47. Kf2 Kf6 48. Ke1 Kg5 49. Kd2 Nxd5 50. Nc4 Nb4 51. Bb1 d5 52. Nxb2 Kg4 53. Kc3 Nc6 54. Ba2 d4+ 55. Kc4 f5 56. Nd3 Kf3 57. Kd5 Ke3 58. Bc4 Ne7+ 59. Ke6 Nc8 60. Ba6 Nb6 61. Kf6 f4 62. h4 f3 63. Kg7 Nd5 64. Kxh7 Nf4 65. Nxf4 Kxf4 66. Kxg6 Ke3 67. h5 d3 68. Bxd3 Kxd3 1/2-1/2

[Event "Wichern op 5th"]
[Site "Hamburg"]
[Date "1999.10.17"]
[Round "4.23"]
[White "Bokelbrink, Uwe"]
[Black "Klovans, Janis"]
[Result "0-1"]
[WhiteElo "2309"]
[BlackElo "2465"]
[PlyCount "90"]
[EventDate "1999.10.15"]
[Source "www.chesslib.no"]
[SourceDate "2004.05.04"]

1. e4 c5 2. Nf3 e6 3. d4 cxd4 4. Nxd4 Nf6 5. Nc3 d6 6. Be2 a6 7. O-O Nbd7 8. f4 b5 9. Bf3 Bb7 10. a3 Rc8 11. Kh1 Rc4 12. Be3 Qa8 13. Qe2 Rc8 14. Bf2 Be7 15. Rad1 Nc5 16. Rfe1 O-O 17. Bh4 Rfe8 18. e5 Bxf3 19. Nxf3 dxe5 20. fxe5 Ng4 21. Bxe7 Rxe7 22. Ng5 Nh6 23. Nge4 Nf5 24. Nxc5 Rxc5 25. Qf2 Rec7 26. Rd2 h6 27. Red1 Rc8 28. Qf4 Rc4 29. Qf2 Qb8 30. Re1 Qc7 31. Rde2 Qc5 32. Kg1 a5 33. Qxc5 R8xc5 34. Re4 Nd4 35. a4 Nxc2 36. Rxc4 Rxc4 37. Rc1 Nd4 38. axb5 Nxb5 39. Kf2 Nxc3 40. bxc3 Rc5 41. c4 Kf8 42. Kf3 Rxe5 43. c5 Ke7 44. c6 Kd8 45. Rd1+ Kc7 0-1

[Event "Hamburg IMT"]
[Site "Hamburg GER"]
[Date "1990.??.??"]
[Round "1"]
[White "Luecke, Norbert"]
[Black "Tompa, Janos"]
[Result "0-1"]
[WhiteElo "2350"]
[BlackElo "2420"]
[PlyCount "76"]
[EventDate "1990.??.??"]
[Source "www.chesslib.no"]
[SourceDate "2004.05.04"]

1. e4 c5 2. Nf3 e6 3. d4 cxd4 4. Nxd4 Nf6 5. Nc3 d6 6. Be2 a6 7. O-O Nbd7 8. f4 b5 9. Bf3 Bb7 10. a3 Qc7 11. Kh1 Be7 12. Qe1 Rd8 13. g4 h6 14. Qf2 Nc5 15. Qg2 d5 16. exd5 Nxd5 17. Nxd5 Bxd5 18. Be3 O-O 19. Rad1 Na4 20. c3 Nb6 21. Bxd5 Rxd5 22. Qe4 Qd7 23. Rde1 Nc4 24. Bc1 Bh4 25. Re2 Bf6 26. Nf3 g6 27. Rfe1 Rd8 28. Rg1 Bg7 29. h4 h5 30. gxh5 Rxh5 31. Rg5 Rh6 32. Kg2 Bf6 33. Rg3 Nd6 34. Qc2 Nf5 35. Rg4 Qc6 36. Qe4 Qxe4 37. Rxe4 Rd1 38. Bd2 Nxh4+ 0-1

[Event "Mlada Boleslav Open"]
[Site "Mlada Boleslav CZE"]
[Date "1993.??.??"]
[Round "?"]
[White "Iuldachev, Saidali"]
[Black "Predein, Vladimir"]
[Result "1/2-1/2"]
[WhiteElo "2445"]
[BlackElo "2315"]
[PlyCount "70"]
[EventDate "1993.08.??"]
[Source "www.chesslib.no"]
[SourceDate "2004.05.04"]

1. e4 c5 2. Nf3 d6 3. d4 cxd4 4. Nxd4 Nf6 5. Nc3 a6 6. Be2 e6 7. O-O Nbd7 8. f4 b5 9. Bf3 Bb7 10. e5 Bxf3 11. Nxf3 b4 12. exf6 bxc3 13. fxg7 Bxg7 14. bxc3 Qb6+ 15. Nd4 Rc8 16. Be3 Rxc3 17. Bf2 Qc7 18. f5 e5 19. f6 Bf8 20. Nf5 Rg8 21. Bh4 Qc6 22. Rf2 d5 23. Kh1 Rg6 24. Rb1 Rc4 25. Rb3 Rgg4 26. Bg3 Bc5 27. Rf1 Rg5 28. Qb1 Kd8 29. Nh6 Qe6 30. Rb8+ Nxb8 31. Qxb8+ Kd7 32. Qb7+ Ke8 33. Qa8+ Kd7 34. Qb7+ Ke8 35. Nxf7 Rf5 1/2-1/2

[Event "HUN Ch"]
[Site "Budapest HUN"]
[Date "1978.??.??"]
[Round "?"]
[White "Rigo, Janos"]
[Black "Tompa, Janos"]
[Result "1/2-1/2"]
[WhiteElo "2360"]
[BlackElo "2400"]
[PlyCount "66"]
[EventDate "1978.12.??"]
[Source "www.chesslib.no"]
[SourceDate "2004.05.04"]

1. e4 c5 2. Nf3 e6 3. d4 cxd4 4. Nxd4 Nf6 5. Nc3 d6 6. Be2 a6 7. O-O Nbd7 8. f4 b5 9. Bf3 Bb7 10. Re1 Be7 11. e5 Bxf3 12. Qxf3 dxe5 13. Nc6 Qb6+ 14. Be3 Bc5 15. Nxe5 Bxe3+ 16. Qxe3 Rc8 17. Qxb6 Nxb6 18. f5 Ke7 19. fxe6 fxe6 20. Ne2 Rhd8 21. c3 Rd2 22. Nd4 Rxb2 23. Nxe6 Rxc3 24. Nxg7 Kd6 25. Rad1+ Kc7 26. Nd3 Rxa2 27. Nb4 Rb2 28. Re7+ Kc8 29. Ne6 Nbd5 30. Nxd5 Nxd5 31. Rxh7 Rxg2+ 32. Kh1 Re2 33. Nd4 Re7 1/2-1/2

[Event "BEL-ch"]
[Site "Westerlo"]
[Date "2004.07.09"]
[Round "7"]
[White "Michiels, Bart"]
[Black "Cools, Gorik"]
[Result "1-0"]
[WhiteElo "2450"]
[BlackElo "2309"]
[PlyCount "71"]
[EventDate "2004.07.03"]
[Source "Roberto Alvarez"]
[SourceDate "2003.08.04"]

1. e4 c5 2. Nf3 d6 3. d4 cxd4 4. Nxd4 Nf6 5. Nc3 e6 6. Be2 a6 7. O-O Nbd7 8. a4 b6 9. f4 Bb7 10. Bf3 Qc7 11. Qe2 Rc8 12. Kh1 Qc4 13. Qf2 Be7 14. e5 Nd5 15. Nxd5 Bxd5 16. Be2 Qc7 17. Bxa6 Ra8 18. Nb5 Qc6 19. Nxd6+ Bxd6 20. Bb5 Qb7 21. exd6 O-O 22. b3 Nf6 23. Bb2 Ng4 24. Qe2 h5 25. Rfe1 f5 26. Bc4 Be4 27. Rad1 Kh7 28. Rd2 Rad8 29. Be5 Kg6 30. Red1 Qc6 31. Bxe6 Qc5 32. h3 Nxe5 33. fxe5 Qxe5 34. Bd5 Rf6 35. Bxe4 fxe4 36. Rd5 1-0

[Event "Budapest FS07 IM-B"]
[Site "Budapest"]
[Date "1998.??.??"]
[Round "9"]
[White "Andrijevic, Milan"]
[Black "Dudas, Janos"]
[Result "1/2-1/2"]
[WhiteElo "2345"]
[BlackElo "2405"]
[PlyCount "129"]
[EventDate "1998.07.??"]
[Source "www.chesslib.no"]
[SourceDate "2004.05.04"]

1. e4 c5 2. Nf3 e6 3. d4 cxd4 4. Nxd4 Nf6 5. Nc3 d6 6. Be2 a6 7. O-O Nbd7 8. f4 b5 9. Bf3 Bb7 10. e5 Bxf3 11. Nxf3 Qb6+ 12. Kh1 Ng4 13. Qe1 b4 14. Nd1 d5 15. h3 Nh6 16. g4 Rc8 17. c3 Bc5 18. cxb4 Bxb4 19. Qe2 Qb5 20. Qxb5 axb5 21. Nd4 Ng8 22. Nxb5 g5 23. a3 Be7 24. Ndc3 h5 25. Kg2 hxg4 26. hxg4 Rc4 27. b3 Rc6 28. Be3 Rh4 29. Rh1 Rxg4+ 30. Kf3 Rh4 31. Rxh4 gxh4 32. Ne2 Bc5 33. Ned4 Bxd4 34. Nxd4 Rc3 35. Rc1 Rxc1 36. Bxc1 Nc5 37. Kg4 Kd7 38. Kxh4 f6 39. Be3 fxe5 40. fxe5 Ne7 41. Kg5 Ne4+ 42. Kg4 Nc5 43. b4 Nd3 44. Nf3 Nc6 45. Bf4 Na7 46. Bd2 Nb2 47. Bc1 Nd3 48. Be3 Nc6 49. Bf4 Na7 50. Nd4 Nc6 51. Nxc6 Kxc6 52. Bg3 Nb2 53. Kg5 d4 54. Kf6 d3 55. Be1 Kd5 56. b5 Nc4 57. a4 d2 58. Bxd2 Nxd2 59. b6 Ne4+ 60. Ke7 Nc5 61. Kd8 Kxe5 62. Kc7 Kd5 63. b7 e5 64. a5 e4 65. b8=Q 1/2-1/2